Injectable fillers : (Record no. 140016)
[ view plain ]
| 000 -LEADER | |
|---|---|
| fixed length control field | 00506nam a22001697a 4500 |
| 005 - DATE AND TIME OF LATEST TRANSACTION | |
| control field | 20260305131853.0 |
| 008 - FIXED-LENGTH DATA ELEMENTS--GENERAL INFORMATION | |
| fixed length control field | 260305b |||||||| |||| 00| 0 eng d |
| 020 ## - INTERNATIONAL STANDARD BOOK NUMBER | |
| International Standard Book Number | 9781119046943 (hbk) |
| 040 ## - CATALOGING SOURCE | |
| Transcribing agency | PK-LaUMT |
| 082 ## - DEWEY DECIMAL CLASSIFICATION NUMBER | |
| Classification number | 617.52059 |
| Item number | INJ- |
| 245 ## - TITLE STATEMENT | |
| Title | Injectable fillers : |
| Remainder of title | facial shaping and contouring / |
| Statement of responsibility, etc | by Derek H. Jones, and Arthur Swift |
| 260 ## - PUBLICATION, DISTRIBUTION, ETC. (IMPRINT) | |
| Place of publication, distribution, etc | West Sussex, |
| Name of publisher, distributor, etc | John Wiley, |
| Date of publication, distribution, etc | 2019 |
| 300 ## - PHYSICAL DESCRIPTION | |
| Extent | 215 p. |
| 700 ## - ADDED ENTRY--PERSONAL NAME | |
| Personal name | Derek H. Jones, |
| 700 ## - ADDED ENTRY--PERSONAL NAME | |
| Personal name | Arthur Swift, |
| 942 ## - ADDED ENTRY ELEMENTS (KOHA) | |
| Koha item type | Books |
| Withdrawn status | Lost status | Damaged status | Home library | Current library | Date acquired | Full call number | Barcode | Date last seen | Price effective from | Koha item type |
|---|---|---|---|---|---|---|---|---|---|---|
| UMT Health Sciences Campus | UMT Health Sciences Campus | 2026-03-05 | 617.52059 INJ- | 152168 | 2026-03-05 | 2026-03-05 | Books |
